Aeroporti - Statistics

Statistiche generali
  • Questo quiz è stato fatto 108 volte
  • Il punteggio medio è 8 su 15
Statistiche sulle risposte
Hint Risposta % Corretto
Silvio Berlusconi Milano
96%
Giovanni Falcone e Paolo Borsellino Palermo
86%
Marco Polo Venezia
83%
San Francesco d'Assisi Perugia
82%
Cristoforo Colombo Genova
79%
Guglielmo Marconi Bologna
64%
Caravaggio Bergamo
53%
Galileo Galilei Pisa
53%
Pitagora Crotone
42%
Vincenzo Bellini Catania
32%
Amerigo Vespucci Firenze
31%
Leonardo da Vinci Roma
31%
Raffaello Sanzio Ancona
29%
Giovanni Paolo II Bari
29%
Sandro Pertini Torino
29%
Nessun quiz corrispondente trovato
Distribuzione punteggi
Percentuale di utenti per punteggio
Percentile per numero di risposta
I tuoi punteggi nel tempo
Non hai fatto questo quiz